Solucionario de análisis matemático (Registro nro. 14432)
[ vista simple ]
| 000 -Cabecera | |
|---|---|
| Campo de control interno | 00427nam a2200181Ia 4500 |
| 005 - Fecha y hora del registro | |
| control field | 20260306164914.0 |
| 008 - Elementos de Longitud Fija | |
| fixed length control field | 260306t1977||||xx |||||||||||||| ||spa|| |
| 041 ## - Idioma | |
| Codigo Idioma | ESP |
| 082 ## - DEWEY y NOTACIÓN INTERNA | |
| Dewey | 515 |
| Notación Interna | C33 T. 2 |
| 100 ## - AUTOR | |
| Autor denominación | Castro Zarate, Juan |
| Término de relación | autor |
| 245 #0 - TÍTULO DE MATERIAL BIBLIOGRÁFICO | |
| Título | Solucionario de análisis matemático |
| 260 ## - CIUDAD, EDITORIAL, AÑO | |
| Año | 1977 |
| 300 ## - DESCRIPCIÓN | |
| N° Páginas | T. 2 |
| Dimensiones | 20 cm. |
| 650 ## - TEMAS | |
| Temas | Generalidades |
| 654 ## - PROGRAMAS | |
| Programa | Dpto. de Matemáticas |
| 942 ## - ELEMENTOS DE KOHA | |
| Tipo de documento | Libro |
| Nombre del creador | Justo Noguera |
| Código de catalogador | Justo Noguera |
| Esquema de clasificación | Dewey Decimal Classification |
| Suppress in OPAC | |
| Codigo completo | Registro | Colección | Copia número | Disponibilidad | Tipo de préstamo | Biblioteca Actual | Procedencia (Biblioteca) | Ubicacón | Fecha Ingreso | Tipo de Adquisición | Date last seen | Total checkouts | Price effective from | Tipo de Item | Estado del Material | Fuente de Clasificación | Damaged status | Withdrawn status |
|---|---|---|---|---|---|---|---|---|---|---|---|---|---|---|---|---|---|---|
| 515 C33 T. 2 | U0005712 | Universidad Católica San Pablo | 1 | Disponible | Disponible | Víctor Andrés Belaunde | Víctor Andrés Belaunde | Segundo piso | 03/06/2026 | Compra | 06/03/2026 | 06/03/2026 | Libro | Bueno | Dewey Decimal Classification |




